<?xml version="1.0" encoding="UTF-8"?>
<record
    xmlns:xsi="http://www.w3.org/2001/XMLSchema-instance"
    xsi:schemaLocation="http://www.loc.gov/MARC21/slim http://www.loc.gov/standards/marcxml/schema/MARC21slim.xsd"
    xmlns="http://www.loc.gov/MARC21/slim">

  <leader>01970aab a2200205 i 4500</leader>
  <controlfield tag="001">768714001</controlfield>
  <controlfield tag="003">CO-MdFUSB</controlfield>
  <controlfield tag="005">20250804142208.0</controlfield>
  <controlfield tag="008">220908s1994    ag ||||| |||| 00| 0 spa d</controlfield>
  <datafield tag="040" ind1=" " ind2=" ">
    <subfield code="b">spa</subfield>
    <subfield code="c">CO-MdFUSB</subfield>
  </datafield>
  <datafield tag="041" ind1=" " ind2=" ">
    <subfield code="a">spa</subfield>
  </datafield>
  <datafield tag="100" ind1="1" ind2=" ">
    <subfield code="a">Jacques, Andr&#xE9;</subfield>
    <subfield code="e">autor</subfield>
  </datafield>
  <datafield tag="245" ind1=" " ind2="4">
    <subfield code="a">Los mitos sobre la migraci&#xF3;n</subfield>
    <subfield code="c">/ Andr&#xE9; Jacques</subfield>
  </datafield>
  <datafield tag="300" ind1=" " ind2=" ">
    <subfield code="a">Volumen 13, n&#xFA;mero 3 (julio - septiembre, 1994), p&#xE1;gina: 12</subfield>
    <subfield code="c">; 27 cm</subfield>
  </datafield>
  <datafield tag="520" ind1=" " ind2=" ">
    <subfield code="a">Reflexiones que forman parte del libro "The stranger withim your gates (El extranjero dentro de tus puertas), publicado por el consejo Mundial de Iglesias.
La migraci&#xF3;n es asunto de elecci&#xF3;n individual. Los emigrantes dejan las zonas rurales pobres en b&#xFA;squeda de las "luces brillantes" de las grandes ciudades, esperando encontrar mejores oportunidades de trabajo.
La soluci&#xF3;n de la migraci&#xF3;n es la inversi&#xF3;n directa en los paises pobres y dependientes, con el fin de estimular la producci&#xF3;n local e incrementar las ganancias, lo cual a su vez crear&#xE1; oportunidades de empleo.
La transferencia de dinero por los emigrantes a sus respectivos paises aumenta los ingresos nacionales de los paises proveedores  de fuerza laboral y facilita el desarrollo local y nacional. 
La migraci&#xF3;n reduce la poblaci&#xF3;n y el consecuente problema de desempleo en las sociedades donde sobreabunda la mano de obra.
La migraci&#xF3;n quita pan y empleo de los trabajadores en las sociedades receptoras e impone una carga a sus programas de bienestar social.
Las mujeres son recipientes pasivos en el proceso migratorio. O siguen a los obreros varones a su destino, ose quedan en casa y reciben el dinero que ellos les env&#xED;an.
Tanto los emigrantes como los refugiados pueden adaptarse f&#xE1;cilmente a su nuevo h&#xE1;bitat.</subfield>
  </datafield>
  <datafield tag="650" ind1=" " ind2="7">
    <subfield code="9">7139</subfield>
    <subfield code="a">Hombre prehist&#xF3;rico</subfield>
    <subfield code="x">Migraci&#xF3;n</subfield>
  </datafield>
  <datafield tag="773" ind1="0" ind2=" ">
    <subfield code="t">Iglesia y Misi&#xF3;n</subfield>
    <subfield code="0">49402</subfield>
    <subfield code="9">59646</subfield>
    <subfield code="g">Volumen 13, n&#xFA;mero 3 (julio - septiembre, 1994), p&#xE1;gina: 12</subfield>
    <subfield code="q">p&#xE1;gina: 12</subfield>
  </datafield>
  <datafield tag="942" ind1=" " ind2=" ">
    <subfield code="c">ANA</subfield>
  </datafield>
  <datafield tag="945" ind1=" " ind2=" ">
    <subfield code="a">JTF-925</subfield>
  </datafield>
  <datafield tag="999" ind1=" " ind2=" ">
    <subfield code="c">52076</subfield>
    <subfield code="d">52076</subfield>
  </datafield>
</record>
